000 00683nam a2200205 a 4500
001 21523
003 CO-ViMGA
008 141112s2004 ck r 000 u spa d
020 _a8466619542
040 _aCO-ViMGA
_bspa
_cCO-ViMGA
082 0 4 _aI 741.5 T765c
100 1 _aTrondheim, Lewis; Parrondo, Jose
_930735
245 1 0 _aCuentame un montón de historias
260 _aBarcelona :
_bEdiciones B Grupo Z,
_c2005
300 _a25
590 _aForma de adquisición : Donación fact. 8851 - - Precio : 33000 - - Proveedor : Fundación exito - - Fecha de adquisición : Junio 2007
650 1 4 _aHUMOR GRAFICO
_930736
650 1 4 _aTIRAS COMICAS - HISTORIETAS
942 _2ddc
_cBK
999 _c30112
_d30112